000 00628nam a2200193Ia 4500
003 OSt
005 20250224112517.0
008 210210b2002 xxu||||| |||| 00| 0 eng d
040 _cAL
041 _aKannada
082 _aK894.8 SHRP
100 _aSHRIDHARA (H G).
_9135976
_dಶ್ರೀಧರ
245 _aPrachina Kannada Sahityadalli Yuddakale.
_bಪ್ರಾಚೀನ ಕನ್ನಡ ಸಾಹಿತ್ಯದಲ್ಲಿ ಯುದ್ಧಕಲೆ
260 _aPutturu.
_bShivarama Karanta Adhyayana Kendra.,
_c2002
300 _a277
690 _aKannada Miscellaneous
_9135977
906 _a058297
942 _2ddc
_cBK
999 _c105495
_d105495